Universidad contemporánea : Racionalidad política y vinculación social /
Gardado en:
| Autor Principal: | |
|---|---|
| Outros autores: | |
| Formato: | Libro |
| Idioma: | Spanish |
| Publicado: |
México :
CESU,
1994
|
| Series: | Colección Problemas educativos en México
|
| Materias: | |
| Etiquetas: |
Engadir etiqueta
Sen Etiquetas, Sexa o primeiro en etiquetar este rexistro!
|
MARC
| LEADER | 00000nam a2200000Ia 4500 | ||
|---|---|---|---|
| 008 | 161011b1994 mx ||||| |||| 00| | spa d | ||
| 020 | |a 9688424242 | ||
| 090 | |a 06.04.05 |b 1051 | ||
| 100 | 1 | |a Rodríguez Gómez, Roberto |9 2077 | |
| 245 | 1 | 0 | |a Universidad contemporánea : Racionalidad política y vinculación social / |c Roberto Rodríguez Gómez, Hugo Casanova Cardiel |
| 260 | |a México : |b CESU, |c 1994 | ||
| 300 | |a 390 páginas | ||
| 490 | |a Colección Problemas educativos en México | ||
| 650 | 1 | 4 | |a UNIVERSIDADES |9 16 |
| 650 | 1 | 4 | |a DESARROLLO DE LA EDUCACIÓN |9 24 |
| 650 | 1 | 4 | |a REFORMA DE LA EDUCACIÓN |9 7 |
| 650 | 1 | 4 | |a CAMBIO TECNOLÓGICO |9 1245 |
| 650 | 1 | 4 | |9 8 |a EDUCACIÓN SUPERIOR |
| 650 | 1 | 4 | |a MODERNIZACIÓN |9 2078 |
| 650 | 1 | 4 | |a PLANIFICACIÓN DE LA EDUCACIÓN |9 124 |
| 650 | 1 | 4 | |a POLÍTICA EDUCATIVA |9 451 |
| 700 | 1 | |a Casanova Cardiel, Hugo |9 2079 |e Coordiandor/a | |
| 942 | |i 001766 |h 06.04.05 1051 |2 z |c 01 | ||
| 999 | |c 421 |d 421 | ||



